Quản lý nhân sự = Managing people /
Đã lưu trong:
| 主要作者: | |
|---|---|
| 格式: | Sách giấy |
| 語言: | Vietnamese |
| 出版: |
Tp. HCM :
Tổng hợp,
2004
|
| 叢編: | Cẩm nang quản lý
|
| 主題: | |
| 標簽: |
添加標簽
沒有標簽, 成為第一個標記此記錄!
|
| Thư viện lưu trữ: | Thư viện Trường Đại học Đà Lạt |
|---|
| LEADER | 00816nam a2200337 4500 | ||
|---|---|---|---|
| 001 | DLU060050974 | ||
| 005 | ##20060214 | ||
| 040 | # | # | |a DLU |b vie |
| 041 | # | # | |a vie |
| 044 | # | # | |a vn |
| 082 | # | # | |a 658.3 |b HE-R |
| 100 | # | # | |a Heller, Robert |
| 245 | # | # | |a Quản lý nhân sự = |b Managing people / |c Robert Heller |
| 246 | # | # | |a Managing people |
| 260 | # | # | |a Tp. HCM : |b Tổng hợp, |c 2004 |
| 300 | # | # | |a 69 tr. ; |c 24 cm |
| 490 | # | # | |a Cẩm nang quản lý |
| 653 | # | # | |a Cẩm nang |
| 653 | # | # | |a Nhân lực |
| 653 | # | # | |a Quản lý tác nghiệp |
| 653 | # | # | |a Quản trị nhân sự |
| 923 | # | # | |a 61/2005 |
| 992 | # | # | |a 24.000 |
| 994 | # | # | |a DLU |
| 900 | # | # | |a True |
| 911 | # | # | |a Đào Thị Thu Huyền |
| 925 | # | # | |a G |
| 926 | # | # | |a A |
| 927 | # | # | |a SH |
| 980 | # | # | |a Thư viện Trường Đại học Đà Lạt |